Meilleures équipes asiatiques - Statistiques

Statistiques générales
  • Ce quiz a été pris 28 fois
  • Le résultat moyen est 17 sur 20
Statistiques - réponses
Classement Rang mondial Nation % Correct
3 22 Corée du Sud
100%
1 18 Japon
100%
14 93 Chine
96%
8 60 Arabie Saoudite
92%
10 68 Emirats arabes unis
92%
7 58 Irak
92%
2 20 Iran
92%
9 64 Jordanie
88%
5 50 Ouzbékistan
88%
6 54 Qatar
88%
16 96 Thaïlande
84%
4 26 Australie
80%
20 108 Liban
80%
13 90 Bahreïn
76%
12 86 Syrie
76%
19 107 Vietnam
76%
11 79 Oman
72%
17 101 Tadjikistan
72%
18 104 Kirghizistan
60%
15 95 Palestine
52%
Aucun quiz correspondant
Distribution des résultats
% des personnes avec chaque résultat
Percentile par nombre de réponses
Votre historique - résultats
Vous n’avez pas pris ce quiz